000 02259nam a22003497a 4500
999 _c21728
_d21728
003 AR-CdUCM
008 190425b ||||| |||| 00| 0 spa d
040 _aMUNICIPALIDAD PROVINCIAL DEL CUSCO
_cBIBLIOTECA MUNICIPAL DEL CUSCO
082 _aRev.Univ/N°72/1937
_bRev.Univ/N°72/1937
110 _aUniversidad Nacional de San Antonio Abad del Cusco
_915942
245 _aRevista Universitaria :
_bÓrgano de la Universidad del Cuzco /
260 _aCusco :
_bH. G. Rozas,
_c1937.
300 _a168 páginas. :
_c20 cm.
440 _aRevista Universitaria
_nAño XXVI, 1° semestre 1937, N°72
_945888
505 _aContenido: El contenido espiritual del movimiento indigenista. Atilio Sivirichi. -- Las novelas de la guerra. Eulogio Tapia Olarte. -- Baladas peruanas. Encino del Val. -- Juan Espinoza Medrano. Alfredo Yépez Miranda. -- El Congreso Panperuano de 1837 en Tacna. Julián Santiesteban Ochoa. -- América anhela, Roosevelt propone y Dios proveerá. A. Solórzano. -- Hacia la historia del cuzco. José Gabriel Cosio. -- Nueva Corónica y Buen Gobierno. Felipe Guamán Poma de Ayala. Jorge Cornejo Bouroncle. -- Defectos procesales. David Chaparro. -- Reincidencia. Francisco Ponce de León. -- Concordancias entre el Código Civil y Código Penal. Francisco Ponce de León. -- Ampliando el herbarium de la Universidad del Cuzco. César Vargas C. -- Contribución al estudio de la flora peruana. V. Soukup. -- Campo de cultivo en andenería de los antiguos. Federico Ponce de León. -- De la vida universitaria. -- Nota necrológica Eufracio Álvarez. -- Notas de redacción.
650 _aHistoria del Cusco
_91714
650 _aConfederación Perú Bolivia
_941831
650 _aBotánica cusqueña
_945807
650 _aIndigenismo
_9208
650 _aCronistas
_91200
650 _aFelipe Guamán Poma de Ayala
_945889
700 _aYépez Miranda, Alfredo
_94230
700 _aPonce de León, Francisco
_929819
700 _aCosio, José Gabriel
_911720
700 _aVargas, César
_945886
700 _aSivirichi, Atilio
_97194
700 _aTapia Olarte, Eulogio
_932463
700 _aCornejo Bouroncle, Jorge
_915278
710 _aUniversidad Nacional de San Antonio Abad del Cusco
_915942
942 _2ddc
_cPP
945 _arac